书目信息 |
| 书名: | Engineering mechanics | |
| 作者: | by S. Timoshenko and D. H. Young. | |
| 分册号: | ||
| 分册名: | 出版地: | New York : |
|
| 出版社: | McGraw-Hill | |
| 出版时间: | 1951. | |
| 页数: | xiv, 517 p. : | |
| 开本: | 24 cm. | |
| 丛书名: | ||
| 中图分类号: | ||
| 科图分类号: | ||
| 其他分类号: | TB121 | |
| 主题词: | ||
| 电子资源: | ||
| 000 | 00889cam a22002891 450 | |
| 001 | E0731363405 | |
| 005 | 20070426084516.70 | |
| 008 | 750113s1951 xx 000 0 eng | |
| 010 | @a51000610 | |
| 015 | @aGB51-1365 | |
| 035 | @A(DLC) 51000610 | |
| 035 | @a(OCoLC)1138965 | |
| 040 | @aDLC@cTxDaM@dUk@dDLC | |
| 050 | 00 | @aTA350@b.T53 1951 |
| 082 | @a620.1 | |
| 090 | @aTB121 | |
| 099 | @dTB121@ex8=3 | |
| 100 | 1 | @aTimoshenko, Stephen,@d1878-1972. |
| 245 | 10 | @aEngineering mechanics / @cby S. Timoshenko and D. H. Young. |
| 250 | @a3rd ed. | |
| 260 | @aNew York :@bMcGraw-Hill,@c1951. | |
| 300 | @axiv, 517 p. :@billus. ;@c24 cm. | |
| 650 | 0 | @aMechanics, Applied. |
| 700 | 1 | @aYoung, D. H.@q(Donovan Harold),@d1904-@ejoint author. |
| 906 | @a7@bcbc@coclcrpl@du@encip@f19@gy-gencatlg | |
| 985 | @eOCLC REPLACEMENT | |
| 991 | @bc-GenColl@hTA350@i.T53 1951@tCopy 1@wOCLCREP | |
| Engineering mechanics / / by S. Timoshenko and D. H. Young.-3rd ed.-New York : : McGraw-Hill, , 1951. |
| xiv, 517 p. : : illus. ; ; 24 cm. |
| ISBN |
| ● |
| 相关链接 |
|
|
|
|
正题名:Engineering mechanics
索取号:TB121/x8=3
 
预约/预借
| 序号 | 登录号 | 条形码 | 馆藏地/架位号 | 状态 | 备注 |
| 1 | 5501 | 300055017 | 第二样本阅览室/ [索取号:TB121/x8=3] | 在馆 |